Traidores de Roma (Registo nº 5925)

Detalhes MARC
000 -Etiqueta do registo
Valores 01408nam a2200229 4500
010 ## - Número ISBN
ISBN 9789897733086
021 ## - Número do Depósito Legal
Número 472804/20
100 ## - Dados gerais de processamento
Dados gerais 20211231d2020 m y0pory50030103ba
200 1# - Titulo e menção de responsabilidade
Título próprio Traidores de Roma
Primeira menção de responsabilidade Simon Scarrow
Outras menções de responsabilidade trad. José Saraiva
210 #9 - Publicação
Local de publicação Porto Salvo
Nome do editor Saída de Emergência
Data de publicação 2020
215 ## - Descrição física 
Paginação / Volumes 366, [1] p.
Outras indicações físicas il.
304 ## - Nota relativa ao título
Texto de nota Tít. orig.: Traitors of Rome
330 ## - Sumário ou Resumo
Texto da nota A guerra aproxima-se. O exército de Roma será testado até ao limite contra um inimigo inesperado.<br/><br/>O tribuno Cato e o centurião Macro, veteranos do exército romano, estão estacionados na fronteira oriental, conscientes de que os seus movimentos são constantemente controlados pelos espiões da perigosa e misteriosa Pártia. Mas o inimigo nas fileiras de Roma pode ser uma ameaça mais mortal para a legião… e para o império. Roma é implacável para com aqueles que traem os seus camaradas e o império.<br/><br/>Mas antes é necessário descobrir o culpado. Cato e Macro estão numa luta contra o tempo para expor a verdade, enquanto o poderoso inimigo aguarda pacientemente para explorar quaisquer fraquezas da legião. O traidor tem de morrer
606 ## - Nome comum usado como assunto
ID Autoridade 13
Palavra de ordem Literatura Estrangeira
675 ## - CDU
Notação 821.1/.8
Edição BN
Língua por
700 ## - Autor principal (pessoa individual)
Apelido Scarrow
Nome Simon
Datas 1962-
ID Autoridade 4507
702 ## - Autor secundário (pessoa individual)
Apelido Saraiva
Nome José
Datas 1976-
ID Autoridade 4508
801 #0 - Fonte de origem
País PT
Agência BMVN
Regras de catalogação RPC
830 ## - Notas gerais do catalogador
Criado por Tânia Croca
Data de criação 31/12/2021
990 ## - Elementos KOHA
Tipo de documento Livro
Exemplares
Situação do levantamento Biblioteca de origem Código de barras Cota Permissão de empréstimo Tipo de documento Forma de aquisição
  Biblioteca Municipal de Vendas Novas 100000007762 LE SCA/TRA   Livro  

Powered by Koha